000 00454nam a22001697a 4500
003 MACL
005 20151223173552.0
008 151223b xxu||||| |||| 00| 0 eng d
040 _cMACL
041 _aEnglish
082 _a070/RAY
100 _aRay Kabita
_96555
245 _aPublic Health In Colonial Calcutta & The Calcutta Corporation 1923-1947
260 _aCorpus Research Institue
_bKolkata
_c2010
650 _aMedia
_922638
942 _2ddc
_cBK
999 _c51801
_d51801